Google directions: London to Kyrgyzstan Quiz Stats

 Plays Quiz not verified by Sporcle

Score 0/23 Timer 05:00
0 Plays Today
distance (km/miles) country % Correct
108/67United Kingdom
98.3%
523/325France
96.6%
587/365Germany
94.1%
337/209Austria
83.9%
343/213Hungary
74.7%
1,764/1,096Turkey
60.4%
448/278Serbia
60%
547/340Bulgaria
57.9%
90.5/56.2Kyrgyzstan
54.4%
177/110Armenia
53.1%
3.9/2.4Azerbaijan
51.7%
468/291Kazakhstan
44.6%
distance (km/miles) country % Correct
1,406/874Iran
40.8%
1.3/0.8Armenia
39.7%
109/68Uzbekistan
39.4%
0.13/0.08Azerbaijan
38.8%
0.35/0.22Armenia
38.2%
465/289Turkmenistan
38.2%
0.7/0.4Azerbaijan
38.2%
9.7/6.0Armenia
38.1%
521/324Azerbaijan
37.3%
535/332Uzbekistan
36.5%
24.0/14.9Kazakhstan
35.3%

You're not logged in!

Compare scores with friends on all Sporcle quizzes.
OR
Log In

Show Comments

Extras

Top Quizzes Today


Score Distribution

Your Account Isn't Verified!

In order to create a playlist on Sporcle, you need to verify the email address you used during registration. Go to your Sporcle Settings to finish the process.

Report this User

Report this user for behavior that violates our Community Guidelines.

Details: